La Metalurgia del bronce durante la edad del hierro / Ana María Rauret Dalmau
ISBN:
84-600-0672-7
Descripción Física:
VIII, 168 p. : il., 33 p. de làm. ; 29 cm
Colección:
Publicaciones eventuales ; 25
MARC
| LEADER | 00000nam a2200000Ia 4500 | ||
|---|---|---|---|
| 001 | 8894 | ||
| 008 | 160829s1976 xx 000 0 cat d | ||
| 020 | |a 84-600-0672-7 | ||
| 080 | |a H-2-19 | ||
| 100 | |a Rauret Dalmau, Ana Maria |9 32383 | ||
| 245 | |a La Metalurgia del bronce durante la edad del hierro / Ana María Rauret Dalmau | ||
| 260 | |a Barcelona : |b Universidad de Barcelona. Instituto de Arqueología y Prehistoria, |c 1976 | ||
| 300 | |a VIII, 168 p. : |b il., 33 p. de làm. ; |c 29 cm | ||
| 490 | |a Publicaciones eventuales ; 25 | ||
| 590 | |a Bibliografia | ||
| 650 | |a Edat del ferro |x Península Ibèrica |9 32384 | ||
| 650 | |a Bronzes |x Península Ibèrica |9 32385 | ||
| 710 | 2 | |a Universitat de Barcelona. |b Institut d'Arqueologia i Prehistòria |9 52757 | |
| 901 | |a Arxiu | ||
| 942 | |n 1 | ||
| 952 | |0 0 |1 0 |4 0 |6 H219 |7 1 |9 45964 |a Arxiu |b Arxiu |d 2016-12-01 |l 0 |o H-2-19 |p 8894 |r 2016-12-01 00:00:00 |w 2016-12-01 |y ARXIU | ||
| 999 | |c 49465 |d 49465 | ||